000 00573cam a22002052 4500
001 0000001680
005 20151217151824.0
008 070321s xx 000 0 eng d
040 _aKABU
_cKABU
050 0 _aHD30.28
_b.R64
100 1 _aRogoff, Edward G.
_@0000150626
245 1 0 _aBankable business.
260 _aLondon :
_bThomson,
_c2004.
300 _axxvi, 246 p.
650 0 _aBusiness planning.
_@0000150583
650 0 _aBusiness enterprise
_xFinance.
_@0000150627
908 _a070321
950 _@1
999 _c5384
_d5384